Applied Text Analysis with Python. (Record no. 8829)

MARC details
000 -LEADER
fixed length control field 00727nam a22002537a 4500
001 - CONTROL NUMBER
control field WIIW0000167
003 - CONTROL NUMBER IDENTIFIER
control field OSt
005 - DATE AND TIME OF LATEST TRANSACTION
control field 20190805130050.0
006 - FIXED-LENGTH DATA ELEMENTS--ADDITIONAL MATERIAL CHARACTERISTICS
fixed length control field a|||||q|||||00| 0
008 - FIXED-LENGTH DATA ELEMENTS--GENERAL INFORMATION
fixed length control field 190802t2018 |||||q|||||00| 0 eng d
020 ## - INTERNATIONAL STANDARD BOOK NUMBER
International Standard Book Number 978-1-4919-6304-3
020 ## - INTERNATIONAL STANDARD BOOK NUMBER
International Standard Book Number 1-4919-6304-2
040 ## - CATALOGING SOURCE
Transcribing agency OSt
041 ## - LANGUAGE CODE
Language code of text/sound track or separate title eng
100 1# - MAIN ENTRY--PERSONAL NAME
Personal name Bengfort, Benjamin
Relator code aut
245 10 - TITLE STATEMENT
Title Applied Text Analysis with Python.
Remainder of title Enabling Language Aware Data Products with Machine Learning
260 #1 - PUBLICATION, DISTRIBUTION, ETC.
Place of publication, distribution, etc. Boston
Name of publisher, distributor, etc. O'Reilly
Date of publication, distribution, etc. [2018]
300 ## - PHYSICAL DESCRIPTION
Extent XVIII, 310 S.
Other physical details Ill.
650 ## - SUBJECT ADDED ENTRY--TOPICAL TERM
Topical term or geographic name entry element Data Analyses & Machine Learning
650 ## - SUBJECT ADDED ENTRY--TOPICAL TERM
Topical term or geographic name entry element Python (Computer program language)
700 1# - ADDED ENTRY--PERSONAL NAME
Personal name Bilbro, Rebecca
Relator code aut
700 1# - ADDED ENTRY--PERSONAL NAME
Personal name Ojeda, Tony
Relator code aut
942 ## - ADDED ENTRY ELEMENTS (KOHA)
Koha item type E-Book
Holdings
Withdrawn status Lost status Damaged status Not for loan Home library Current library Shelving location Date acquired Total Checkouts Date last seen Price effective from Koha item type
        WIIW WIIW Electronic Resources 08/02/2019   08/02/2019 08/02/2019 E-Book
The Vienna Instiute for International Economic Studies (wiiw)